000 00902nam a22002417a 4500
999 _c371088
_d371088
008 201127b ||||| |||| 00| 0 eng d
040 _aDE-2950
_bger
_cDE-2950
_erda
041 _ager
100 _aGutke, Thomas:
245 _aFrankfurt sieht Pläne zum Ausbau der Oder kritisch.
_bSchifffahrt: Die Stadt fordert in einer Antwort auf eine Stadtverordneten-Anfrage, den naturnahen Charakter des Flusses zu erhalten./
_cThomas Gutke ; Nancy Waldmann
264 _c2021
653 _aFrankfurt (Oder)
653 _aOder (Fluss)
653 _aAusbau <Bauwesen>
653 _aKritik
653 _aUmweltschutz
653 _aNaturnahe Gestaltung
773 _dFrankfurt (Oder) Märkisches Verlags- und Druckhaus GmbH & Co KG
_tMärkische Oderzeitung
_g32. Jahrgang (2021) Nr. 258 vom 04.11.2021, S. 13
942 _cA